Introduction to Psychology (Record no. 790)
[ view plain ]
| 000 -LEADER | |
|---|---|
| Fixed length control field | 00497nam a2200181 4500 |
| 003 - CONTROL NUMBER IDENTIFIER | |
| Control field | SEACOMMC |
| 005 - DATE AND TIME OF LATEST TRANSACTION | |
| Control field | 20250425130609.0 |
| 008 - FIXED-LENGTH DATA ELEMENTS--GENERAL INFORMATION | |
| Fixed length control field | 241125b |||||||| |||| 00| 0 eng d |
| 020 ## - INTERNATIONAL STANDARD BOOK NUMBER / ISBN | |
| International Standard Book Number | 978-0-07-462250-6 |
| Price | 385.00 |
| 040 ## - CATALOGING SOURCE | |
| Original cataloging agency | SEACOMMC |
| 082 ## - DEWEY DECIMAL CLASSIFICATION NUMBER | |
| Classification number | 616.895 |
| Book Number | M 847 |
| 100 ## - MAIN ENTRY--PERSONAL NAME | |
| Personal name | Morgan,Clifford T. |
| 245 1# - TITLE STATEMENT | |
| Title | Introduction to Psychology |
| Statement of responsibility | Clifford T. Morgan[and] Richard A. King |
| 250 ## - EDITION STATEMENT | |
| Edition statement | 7th ed. |
| 260 ## - IMPRINT | |
| Place of publication | New Delhi |
| Name of publisher | Mc Graw Hill |
| Date of publication | 2006 |
| 650 ## - SUBJECT ADDED ENTRY--TOPICAL TERM | |
| Topical term | Psychology |
| 942 ## - ADDED ENTRY ELEMENTS (KOHA) | |
| Koha item type | Books |
| Withdrawn status | Lost status | Source of classification | Damaged status | Not for loan | Home library | Current library | Shelving location | Date acquired | Total Checkouts | Call number | Accession number | Date last seen | Price effective from | Koha item type | Copy number |
|---|---|---|---|---|---|---|---|---|---|---|---|---|---|---|---|
| Dewey Decimal Classification | SEACOM MANAGEMENT COLLEGE | SEACOM MANAGEMENT COLLEGE | Reference | 21/11/2007 | 616.895 M 847 | M-996 | 25/11/2024 | 25/11/2024 | Books | ||||||
| Dewey Decimal Classification | SEACOM MANAGEMENT COLLEGE | SEACOM MANAGEMENT COLLEGE | 21/11/2007 | 616.895 M 847 | M-997 | 25/11/2024 | 25/11/2024 | Books | 1 | ||||||
| Dewey Decimal Classification | SEACOM MANAGEMENT COLLEGE | SEACOM MANAGEMENT COLLEGE | 21/11/2007 | 616.895 M 847 | M-998 | 25/11/2024 | 25/11/2024 | Books | 2 | ||||||
| Dewey Decimal Classification | SEACOM MANAGEMENT COLLEGE | SEACOM MANAGEMENT COLLEGE | 21/11/2007 | 616.895 M 847 | M-999 | 25/11/2024 | 25/11/2024 | Books | 3 | ||||||
| Dewey Decimal Classification | SEACOM MANAGEMENT COLLEGE | SEACOM MANAGEMENT COLLEGE | 21/11/2007 | 616.895 M 847 | M-1000 | 25/11/2024 | 25/11/2024 | Books | 4 |
